00366nam a2200145Ia 450000500170000000800410001702000150005805000200007324500380009326000350013130000330016644000060019952100070020552600080021220140311163141.0140130s9999 xx 000 0 und d a0439087082 aPZ 5b.G48 1999 cCole, JoannaaGive a dog a bone / bScholastic,c1999.aNew York : a90 p. :bcol. ill. ;c24 cm. v1 aG2 c430